| 000 | 00416nam a22001457a 4500 | ||
|---|---|---|---|
| 020 | _a9781846686108 | ||
| 040 | _cNust | ||
| 082 |
_a330 _bACE |
||
| 100 |
_aDaron Acemoglu _9104339 |
||
| 110 |
_aJames A. Robinson _9124489 |
||
| 245 |
_aWhy Nation Fails _bThe Origins of Power, prosperity and Poverty |
||
| 260 |
_aLondon: _bProfile Books Publishers, _c2012. |
||
| 650 |
_aWhy Nation Fails _9124490 |
||
| 942 |
_2ddc _cBK |
||
| 999 |
_c610336 _d610336 |
||